Responses for show #7178 - Wednesday, November 25, 2015

Contestants

Saadia Mather, a freelance education writer from Playa del Rey, California

Ricky Hudson, a physical therapist from New York, New York

Julie Adair, a virtual assistant from Panama City, Florida (whose 1-day cash winnings total $20,000)

Jeopardy! Round responses

"TOO" WORDS
(Alex: Those three letters are going to appear in each correct response.)
ANIMAL SUPERLATIVES
SO YOU WANT TO BE A TALK SHOW HOST
NOTABLE NAMES
QUOTES OF 2015
ASK THE NEAREST HIPPIE
    $200 4
stoop

Julie
    $200 10
(Saadia: What is an elephant?)

a blue whale

RickySaadia
    $200 16
a monologue

Ricky
    $200 21
(Alex: Onetime U.S. president [*].)

Harry Truman

Triple Stumper
    $200 23
the Confederate flag

Julie
    $200 1
the generation gap

Julie
    $400 7
stool pigeon

Ricky
    $400 11
wingspan

Saadia
    $400 17
topical

Ricky
    $400 22
(Alex: My name is [*]. Julie, a minute to go.)

Spartacus

Triple Stumper
    $400 24
Marvin Gaye

Saadia
    $400 2
the VW Bus

Triple Stumper
    $600 8
cockatoo

Saadia
    $600 12
Ugliest Dog

Ricky
    $600 18
Charlie Rose

Julie
    $600 25
can be president

Julie
    $600 3
Cheech & Chong

Ricky
    $800 9
spittoon

Triple Stumper
    $800 13
a yak

Ricky
    $800 19
anecdote

Saadia
    $800 26
El Chapo

Triple Stumper
    $800 5
marijuana

Julie
    $1000 15
pontoon

Ricky
    $1000 14
a bat

Triple Stumper
    $1000 20
Doc Severinsen

Julie
    $1000 27
(Alex: [*] here in California.)
[The end-of-round signal sounds.]

the fight against the big drought

Triple Stumper
    $1000 6
flower power

Triple Stumper

Scores at the first commercial break (after clue 15):

Julie Ricky Saadia
$1,200 $3,600 $800

Scores at the end of the Jeopardy! Round:

Julie Ricky Saadia
$3,600 $4,200 $2,000

Double Jeopardy! Round responses

2 WORDS
REMEMBER NOVEMBER
U.S. MOUNTAINS
WE'RE MAGIC!
A NOVEL CATEGORY
WITHIN THE FICTIONAL PLANET
    $400 1
thank you

Ricky
    $400 10
Portugal

Julie
    $400 26
Mount Rainier

Julie
    $400 6
David Copperfield

Julie
    $400 14
Ulysses

Saadia
    $400 19
can (in Vulcan)

Julie
    $800 2
social media

Ricky
    $800 11
the presidential election

Ricky
    $800 27
William Penn

Ricky
    $800 7
Criss Angel

Julie
    $800 15
One Flew Over the Cuckoo's Nest

Saadia
    $800 20
or (in Ork)

Julie
    $1200 3
diamond jubilee

Saadia
    $1200 12
Milli Vanilli

Saadia
    $1200 28
(Saadia: What is Area 52?)
[The end-of-round signal sounds.]

Area 51

RickySaadia
    $1200 8
(Julie: Who is Kreskin?)

James Randi

Julie
Triple Stumper
    $1200 16
Life of Pi

Saadia
    $1200 21
un (or une) (in Dune)

Triple Stumper
    $1600 4
dry run

Ricky
    $1600 13
the Neutrality Act

Triple Stumper
    $1600 9
Doug Henning

Triple Stumper
    $1600 17
Middlesex

Saadia
    $3,000 22
(Alex: Julie?)
(Julie: What is I'm drawing a blank?)
(Alex: Oh, that's too bad.)

gall (in Gallifrey)

Julie
    $2000 5
organ grinder

Ricky
    $2000 24
(Saadia: Who is John Brown?)
...
(Alex: [*] is right, with less than a minute now.)

Nat Turner

RickySaadia
    $2000 25
Lance Burton

Julie
    $2000 18
Anne Tyler

Triple Stumper
    $2000 23
emu (in Remulak)

Triple Stumper

Scores at the end of the Double Jeopardy! Round:

Julie Ricky Saadia
$4,600 $13,800 $5,200
(lock game)

[wagering suggestions for these scores]

Final Jeopardy! Round responses

DAYS OF THE WEEK
(Alex: And we can thank the Romans. Venus's day. Vendredi.)
JulieWhat is Saturday?
$4,400
SaadiaWhat is Friday
$4,001
RickyWhat is Friday?
$3,399
Friday

Final scores:

Julie Ricky Saadia
$200 $17,199 $9,201
3rd place: $1,000 New champion: $17,199 2nd place: $2,000

Game dynamics:

Coryat scores:

Julie Ricky Saadia
$7,600 $13,800 $5,200
14 R,
2 W
(including 1 DD)
16 R,
0 W
10 R,
3 W

Combined Coryat: $26,600

The J! Archive is created by fans, for fans. The Jeopardy! game show and all elements thereof, including but not limited to copyright and trademark thereto, are the property of Jeopardy Productions, Inc. and are protected under law. This website is not affiliated with, sponsored by, or operated by Jeopardy Productions, Inc. Join the discussion at JBoard.tv.